000 00259nam a2200109Ia 4500
008 221009s9999 xx 000 0 und d
082 _a100/SIN
100 _aSinha A.K.
_981331
245 0 _aMind And Soul Of India
260 _bAnamika Publishers
942 _cBK
999 _c64925
_d64925